Music Quiz

Random Music or Lyrics Quiz

'Don't Worry, Be Happy' Lyrics Quiz Stats

 Plays Quiz Updated Jul 15, 2015

Score 0/111 Timer 05:00
4 Plays Today
% Correct
be
97%
be
97%
be
97%
be
97%
be
97%
be
97%
Don't
95.6%
Don't
95.6%
Don't
95.6%
Don't
95.6%
don't
95.6%
Don't
95.6%
worry,
95.3%
worry
95.3%
worry,
95.3%
worry,
95.3%
worry,
95.3%
worry,
95.3%
worry
95.3%
worry,
95.3%
happy.
94.8%
happy.
94.8%
happy.
94.8%
happy.
94.8%
happy.
94.8%
happy.
94.8%
I
88.5%
a
86.5%
You
78.6%
you
78.6%
you
78.6%
you
78.6%
you
78.6%
it
72.4%
it
72.4%
no
72.1%
no
72.1%
% Correct
no
72.1%
no
72.1%
to
71.4%
to
71.4%
to
71.4%
to
71.4%
he
67.4%
for
64.6%
little
63.4%
song
60.9%
The
60.8%
wrote.
59.6%
Here's
58.4%
note
57.7%
note.
57.7%
sing
57.3%
is
55%
want
54.6%
when
54.4%
when
54.4%
your
52.7%
your
52.7%
your
52.7%
your
52.7%
might
52.2%
and
51.5%
and
51.5%
In
50.5%
have
47.4%
have
47.4%
make
46%
make
46%
we
45.8%
but
42.6%
But
42.6%
trouble,
41.4%
some
40.5%
% Correct
double.
39.3%
say
39%
life
38.5%
every
38%
will
35.8%
will
35.8%
rent
33.9%
late,
32.7%
that
32.6%
landlord
32.3%
down.
31.5%
may
30.7%
got
29.9%
got
29.9%
got
29.9%
got
29.9%
smile.
28%
litigate.
26.9%
frown
25.8%
'Cause
24.8%
head,
24.3%
face
23.6%
Ain't
23.3%
Ain't
23.3%
Ain't
23.3%
Ain't
23.3%
bring
22.8%
everybody
21.9%
bed.
21.6%
place
21.2%
lay
20.7%
took
18.9%
came
18.5%
somebody
17.8%
style.
17.5%
cash.
15.3%
gal
12.3%

You're not logged in!

Compare scores with friends on all Sporcle quizzes.
OR
Log In

Sporcle TV

Today on Sporcle TV


Watch our educational content, quiz creation guides, and fun videos on Sporcle TV.

Show Comments

Extras

Top Quizzes Today


Score Distribution

Your Account Isn't Verified!

In order to create a playlist on Sporcle, you need to verify the email address you used during registration. Go to your Sporcle Settings to finish the process.

Report this User

Report this user for behavior that violates our Community Guidelines.

Details: